000 00413nam a22001577a 4500
999 _c17603
_d17603
003 OSt
005 20221109144835.0
008 221109b ||||| |||| 00| 0 eng d
040 _c0
100 _aTupas, Emmanuel.
_946757
245 _a50,000 police pensioners 'missing' -PNP /
260 _aPhilippines ;
_cFebruary 21, 2020.
_bInquirer,
300 _apage 13.
650 _aPolice.
_946758
942 _2ddc
_cPER